American Actresses by Picture #5 - Statistics

General Stats
  • This quiz has been taken 50 times
  • The average score is 9 of 16
Answer Stats
Picture Answer % Correct
Lucy Liu
91%
Courteney Cox
88%
Lisa Kudrow
81%
Carrie Fisher
79%
Amanda Seyfried
72%
Hilary Swank
70%
Zoe Saldaña
65%
Frances McDormand
53%
Helen Hunt
53%
Michelle Williams
47%
Chloë Grace Moretz
40%
Geena Davis
35%
Alyson Hannigan
33%
Katie Holmes
28%
Faye Dunaway
23%
Mikey Madison
21%
No matching quizzes found
Score Distribution
Percent of People with Each Score
Percentile by Number Answered
Your Score History
You have not taken this quiz